Church planting strategies in the book of acts : (Record no. 3256)

MARC details
000 -LEADER
fixed length control field 01477cam a2200409 i 4500
001 - CONTROL NUMBER
control field 18458424
003 - CONTROL NUMBER IDENTIFIER
control field GBCCL
005 - DATE AND TIME OF LATEST TRANSACTION
control field 20241126110451.0
008 - FIXED-LENGTH DATA ELEMENTS--GENERAL INFORMATION
fixed length control field 140521s2014 ii ab b 000 0 eng d
010 ## -
-- 2014360781
020 ## - INTERNATIONAL STANDARD BOOK NUMBER
International Standard Book Number 9788184653977 (paperback)
020 ## - INTERNATIONAL STANDARD BOOK NUMBER
International Standard Book Number 8184653972 (paperback)
025 ## - OVERSEAS ACQUISITION NUMBER
Overseas acquisition number I-E-2014-360781; 13-90
035 ## - SYSTEM CONTROL NUMBER
System control number (OCoLC)ocn881271685
035 ## - SYSTEM CONTROL NUMBER
System control number (OCoLC)881271685
037 ## - SOURCE OF ACQUISITION
Source of stock number/acquisition Library of Congress -- New Delhi Overseas Office
040 ## - CATALOGING SOURCE
Original cataloging agency DKAGE
Language of cataloging eng
Description conventions rda
Transcribing agency DKAGE
Modifying agency OCLCF
-- DLC
042 ## -
-- lccopycat
-- lcode
043 ## -
-- a-ii---
050 00 -
-- BV652.24
-- .P73 2014
082 04 - DEWEY DECIMAL CLASSIFICATION NUMBER
Classification number 254.10954137
Edition information 23
Item number KUM
100 0# - MAIN ENTRY--PERSONAL NAME
Personal name Prasad Kumar,
Relator term author.
9 (RLIN) 6698
245 10 - TITLE STATEMENT
Title Church planting strategies in the book of acts :
Remainder of title a ray of salvation from Jerusalem to Chhattisgarh /
Statement of responsibility, etc. Prasad Kumar.
264 #1 - PRODUCTION, PUBLICATION, DISTRIBUTION, MANUFACTURE, AND COPYRIGHT NOTICE
Place of production, publication, distribution, manufacture Delhi :
Name of producer, publisher, distributor, manufacturer ISPCK,
Date of production, publication, distribution, manufacture, or copyright notice 2014.
300 ## - PHYSICAL DESCRIPTION
Extent xvi, 156 pages :
Other physical details illustrations, map ;
Dimensions 22 cm
336 ## - CONTENT TYPE
Content type term text
Content type code txt
Source rdacontent
337 ## - MEDIA TYPE
Media type term unmediated
Media type code n
Source rdamedia
338 ## - CARRIER TYPE
Carrier type term volume
Carrier type code nc
Source rdacarrier
504 ## - BIBLIOGRAPHY, ETC. NOTE
Bibliography, etc. note Includes bibliographical references (pages 147-156).
630 00 - SUBJECT ADDED ENTRY--UNIFORM TITLE
Uniform title Bible.
Name of part/section of a work Acts
General subdivision Criticism, interpretation, etc.
9 (RLIN) 2267
650 #0 - SUBJECT ADDED ENTRY--TOPICAL TERM
Topical term or geographic name entry element Church development, New
Geographic subdivision India
-- Chhattīsgarh.
9 (RLIN) 6699
650 #0 - SUBJECT ADDED ENTRY--TOPICAL TERM
Topical term or geographic name entry element Salvation
General subdivision Christianity.
9 (RLIN) 887
710 2# - ADDED ENTRY--CORPORATE NAME
Corporate name or jurisdiction name as entry element I.S.P.C.K. (Organization)
9 (RLIN) 393
906 ## - LOCAL DATA ELEMENT F, LDF (RLIN)
a 7
b cbc
c copycat
d 3
e ncip
f 20
g y-gencatlg
942 ## - ADDED ENTRY ELEMENTS (KOHA)
Source of classification or shelving scheme Dewey Decimal Classification
Koha item type Books
Koha issues (borrowed), all copies 21
Holdings
Withdrawn status Lost status Source of classification or shelving scheme Damaged status Not for loan Home library Current Library Shelving location Date acquired Total checkouts Total renewals Full call number Barcode Date last seen Date last checked out Copy number Price effective from Koha item type
    Dewey Decimal Classification     GRACE BIBLE COLLEGE GRACE BIBLE COLLEGE Ministry & Mission 2017-11-22 26 4 254.10954137 KUM 013157 2025-10-06 2025-10-01 c.1 2017-11-22 Books
© Grace Bible College Library 2025